|
|
|
|
| LEADER |
01281nam a2200373 4500 |
| 001 |
ocn900778222 |
| 003 |
OCoLC |
| 005 |
20180501122023.0 |
| 006 |
m o d |
| 007 |
cr cnu---unuuu |
| 008 |
150127s2015 ne o 001 0 eng d |
| 040 |
|
|
|a OPELS
|b eng
|e rda
|e pn
|c OPELS
|d OCLCF
|d DEBBG
|d GrThAP
|
| 020 |
|
|
|a 9780128024737
|q electronic bk.
|
| 020 |
|
|
|a 0128024739
|q electronic bk.
|
| 020 |
|
|
|a 9780128022757
|
| 020 |
|
|
|a 0128022752
|
| 035 |
|
|
|a (OCoLC)900778222
|
| 050 |
|
4 |
|a QR53
|
| 082 |
0 |
4 |
|a 660.62
|2 23
|
| 049 |
|
|
|a TEFA
|
| 245 |
0 |
0 |
|a Advances in applied microbiology.
|n Volume 90 /
|c Sima Sariaslani, editor.
|
| 264 |
|
1 |
|a Amsterdam :
|b Academic Press,
|c 2015.
|
| 300 |
|
|
|a 1 online resource.
|
| 336 |
|
|
|a text
|b txt
|2 rdacontent
|
| 337 |
|
|
|a computer
|b c
|2 rdamedia
|
| 338 |
|
|
|a online resource
|b cr
|2 rdacarrier
|
| 500 |
|
|
|a Includes index.
|
| 588 |
0 |
|
|a Print version record.
|
| 650 |
|
0 |
|a Industrial microbiology.
|
| 650 |
|
7 |
|a Industrial microbiology.
|2 fast
|0 (OCoLC)fst00971352
|
| 655 |
|
4 |
|a Electronic books.
|
| 700 |
1 |
|
|a Sariaslani, Sima,
|e editor.
|
| 776 |
0 |
8 |
|i Print version:
|t Advances in applied microbiology. 90
|z 9780128022757
|w (OCoLC)897442572
|
| 856 |
4 |
0 |
|u https://www.sciencedirect.com/science/bookseries/00652164/90
|z Full Text via HEAL-Link
|